Diseño de un modelo para la gestión del conocimiento en una empresa de relaciones públicas
Αποθηκεύτηκε σε:
| Κύριος συγγραφέας: | |
|---|---|
| Άλλοι συγγραφείς: | |
| Μορφή: | Βιβλίο |
| Γλώσσα: | Spanish |
| Έκδοση: |
[San José, Costa Rica]
2012
|
| Θέματα: | |
| Ετικέτες: |
Προσθήκη ετικέτας
Δεν υπάρχουν, Καταχωρήστε ετικέτα πρώτοι!
|
MARC
| LEADER | 00000nam a22000007a 4500 | ||
|---|---|---|---|
| 003 | 010837 | ||
| 005 | 20221231143924.0 | ||
| 008 | 151026b2012 cr a|||| |||| 00| 0 spa d | ||
| 040 | |c cru CEDI | ||
| 090 | |a TFG 6659 | ||
| 100 | |9 1808 |a Peralta Sáenz, Héctor Esteban | ||
| 245 | |a Diseño de un modelo para la gestión del conocimiento en una empresa de relaciones públicas | ||
| 260 | |a [San José, Costa Rica] |c 2012 | ||
| 500 | |a Proyecto de graduación (licenciatura en ingeniería industrial)--Universidad de Costa Rica. Facultad de Ingeniería. Escuela de Ingeniería Industrial | ||
| 650 | |x GESTION DEL CONOCIMIENTO |x EFECTIVIDAD ORGANIZACIONAL |x SERVICIO AL CLIENTE |9 1809 | ||
| 700 | |9 1810 |a Quesada Cordero, María Melissa | ||
| 942 | |c TFG | ||
| 999 | |c 14285 |d 14285 | ||
